Central Library OPAC University of Rajshahi

The child and his family / (Record no. 34629)

MARC details
000 -LEADER
fixed length control field 00876nam a22002532a 4500
001 - CONTROL NUMBER
control field 34629
003 - CONTROL NUMBER IDENTIFIER
rucl marc code BD-RjUL
005 - DATE AND TIME OF LATEST TRANSACTION
control field 20211209052204.0
008 - FIXED-LENGTH DATA ELEMENTS--GENERAL INFORMATION
fixed length control field 140518s19481940enkd 001 0 eng d
035 ## - SYSTEM CONTROL NUMBER
System control number OCLC ocm08915521 from D950412M
-- (BD-RjUL)34723
040 ## - CATALOGING SOURCE
Original cataloging agency MDU
Transcribing agency MDU
Modifying agency BD-RjUL
Language of cataloging eng
041 ## - LANGUAGE CODE
Language code of text/sound track or separate title eng
082 ## - DEWEY DECIMAL CLASSIFICATION NUMBER
Classification number 305.231
Author mark and year BUC 1948
090 ## - LOCALLY ASSIGNED LC-TYPE CALL NUMBER (OCLC); LOCAL CALL NUMBER (OCLC)
Classification number (OCLC) (R) ; Classification number, CALL (RLIN) (NR) HQ772
Local cutter number (OCLC) ; Book number/undivided call number, CALL (RLIN) .B92 1940
100 1# - MAIN ENTRY--PERSONAL NAME
Personal name Buhler, Charlotte Malachowski
Dates associated with a name 1893-1974.
9 (RLIN) 87433
245 14 - TITLE STATEMENT
Title The child and his family /
Statement of responsibility, etc. by Charlotte Buhler. With the collaboration of Edeltrud Baar ... [et al.] ; translated by Henry Beaumont
260 ## - PUBLICATION, DISTRIBUTION, ETC. (IMPRINT)
Place of publication, distribution, etc. London :
Name of publisher, distributor, etc. Routledge & Kegan Paul,
Date of publication, distribution, etc. 1940 [Impression 1948].
300 ## - PHYSICAL DESCRIPTION
Pagination viii, 187 p. :
Illustrations charts. ;
Size 23 cm
504 ## - BIBLIOGRAPHY, ETC. NOTE
Bibliography, etc Includes index.
650 #0 - SUBJECT ADDED ENTRY--TOPICAL TERM
Topical term or geographic name as entry element Child development
9 (RLIN) 105347
Topical term or geographic name as entry element Parent and child
9 (RLIN) 105348
Topical term or geographic name as entry element Families.
9 (RLIN) 105349
942 ## - ADDED ENTRY ELEMENTS (KOHA)
Source of classification or shelving scheme Dewey Decimal Classification
Koha item type Books
Holdings
Lost status Source of classification or shelving scheme Damaged status Not for loan Collection code Permanent Location Current Location Shelving location Date acquired Source of acquisition Cost, normal purchase price Total Checkouts Full call number Date last seen Copy number Koha item type
  Dewey Decimal Classification   Not For Loan Non-fiction Central Library, University of Rajshahi Central Library, University of Rajshahi Reading Room 10/09/1955 B.H.Blackwell 125.00   305.231 BUC 1948 18/05/2014 C-1 Books
  Dewey Decimal Classification     Non-fiction Central Library, University of Rajshahi Central Library, University of Rajshahi   03/02/1955 U.B.D. B.H. Blackwell 7.00   305.231 BUC 1948 18/05/2014 C-2 Books
  Dewey Decimal Classification     Non-fiction Central Library, University of Rajshahi Central Library, University of Rajshahi   03/02/1956 A.B.C 10.20   305.231 BUC 1948 18/05/2014 C-3 Books
  Dewey Decimal Classification     Non-fiction Central Library, University of Rajshahi Central Library, University of Rajshahi   01/02/1956 Allius book agency 10.20   305.231 BUC 1948 18/05/2014 C-2 Books